00471nam a2200121Ia 4500001000400000008004100004082002200045100006500067245011900132260005600251901002700307999001500334814241024s9999 xx 000 0 und d aRD/375/R426d/1999 aRepública Dominicana.Secretaría de Estado de Educación 0aDesarrollo curricular para la educación de personas jóvenes y adultos aportes para el debate y la reflexión. bDirección General de Educación de Adultosc1999 a3/12/2010 9:58:01 a.m. c8414d8414